Computer Networks (Record no. 2000)

MARC details
000 -LEADER
fixed length control field 00393nam a2200169Ia 4500
008 - FIXED-LENGTH DATA ELEMENTS--GENERAL INFORMATION
fixed length control field 221030s9999 xx 000 0 und d
020 ## - INTERNATIONAL STANDARD BOOK NUMBER
ISBN 8120321758
041 ## - LANGUAGE CODE
Language code of text/sound track or separate title
082 ## - DEWEY DECIMAL CLASSIFICATION NUMBER
Classification number 105.23
Item number Tan
100 ## - MAIN ENTRY--AUTHOR NAME
Personal name A. S. Tanenbaum
245 #0 - TITLE STATEMENT
Title Computer Networks
Statement of responsibility, etc by A. S. Tanenbaum
250 ## - EDITION STATEMENT
Edition statement 4th
260 ## - PUBLICATION, DISTRIBUTION, ETC. (IMPRINT)
Name of publisher PHI
Place of publication New Delhi
Year of publication 2006
300 ## - PHYSICAL DESCRIPTION
Number of Pages 891
650 ## - SUBJECT ADDED ENTRY--TOPICAL TERM
Topical Term Computers
942 ## - ADDED ENTRY ELEMENTS (KOHA)
Koha item type Books
Holdings
Accession Number Cost, normal purchase price Full call number Price effective from Koha item type Withdrawn / writtenoff status Materials specified (bound volume or other part) Damaged status Not for loan Permanent Location Current Location Shelving location Date acquired Lost/ Missing status department
M 803 325.00 105.23 Tan 10/30/2022 Books   Print     MIET Library, Jammu MIET Library, Jammu BL-Academic Block- B, FL-2, CUP-83, SH-2, R-2 08/24/2006   MCA
M 804 325.00 105.23 Tan 10/30/2022 Books   Print     MIET Library, Jammu MIET Library, Jammu BL-Academic Block- B, FL-2, CUP-83, SH-2, R-2 08/24/2006   MCA
M 805 325.00 105.23 Tan 10/30/2022 Books   Print     MIET Library, Jammu MIET Library, Jammu BL-Academic Block- B, FL-2, CUP-83, SH-2, R-2 08/24/2006   MCA
BE 8441 325.00 105.23 Tan 10/30/2022 Books   Print     MIET Library, Jammu MIET Library, Jammu BL-Academic Bloc C, FL-2, CUP-29, SH-4, R-4 11/04/2006   BE
BE 8442 350.00 105.23 Tan 10/30/2022 Books   Print     MIET Library, Jammu MIET Library, Jammu BL-Academic Block C, FL-2, CUP-29, SH-4, R-4 11/04/2006   BE
BB 206 325.00 105.23 10/30/2022 Books   Print     MIET Library, Jammu MIET Library, Jammu BL-Second, FL-1, CUP-104, SH-3, R-3 05/04/2007   BB